000 00554nam a22001577a 4500
999 _c534772
_d534772
020 _qHard Cover.
082 _a624.1
100 _aShabbar, Syed Haroon
245 _aStudy of extension of time (EOT) cases in construction industry of Pakistan /
_cSyed Haroon Shabbar.
260 _aIslamabad:
_bSCEE - NUST,
_c2015.
300 _a66 p. :
_bill. ;
_c30cm.
942 _2ddc
_cTHE
650 _aConstruction Engineering and Management MS-Thesis.
_917023
700 _aDr. Hamza Farooq Gabriel
_927413